00878cam a2200265 a 450000100090000000300040000900500170001300800410003001000170007102000250008804000180011304200080013104300120013905000210015108200140017224501240018625000200031026000430033030000590037350400510043265000250048365100410050870000160054970000470056517447636OSt20150408114221.0120830s2012 nyuab b 001 0 eng  a 2012034466 a9780393918854 (pbk.) aDLCcDLCdDLC apcc an-us---00aPS507b.N65 201300a810.822304aThe Norton anthology of American literature /cNina Baym, general editor ; Robert S. Levine, associate general editor. aShorter 8th ed. aNew York :bW.W. Norton & Co.,cc2013. axxxviii, 2857 [83] p. :bcol. ill., col. map ;c24 cm. aIncludes bibliographical references and index. 0aAmerican literature. 0aUnited StatesvLiterary collections.1 aBaym, Nina.1 aLevine, Robert S.q(Robert Steven),d1953-